<?xml version="1.0" encoding="UTF-8"?>
<collection xmlns:xsi="http://www.w3.org/2001/XMLSchema-instance" xsi:schemaLocation="http://www.loc.gov/MARC21/slim http://www.loc.gov/standards/marcxml/schema/MARC21slim.xsd" xmlns="http://www.loc.gov/MARC21/slim">
 <record>
  <leader>00000cam a22000003i 4500</leader>
  <controlfield tag="001">UP-1685594773862158589</controlfield>
  <controlfield tag="003">Buklod</controlfield>
  <controlfield tag="005">20240215125824.0</controlfield>
  <controlfield tag="006">g||| |     ||   ||</controlfield>
  <controlfield tag="007">ta</controlfield>
  <controlfield tag="008">190610s2019    enkb    rb   |||1 u|eng d</controlfield>
  <datafield tag="020" ind1=" " ind2=" ">
   <subfield code="a">9781138729339 (hbk.)</subfield>
  </datafield>
  <datafield tag="035" ind1=" " ind2=" ">
   <subfield code="a">(iLib)UPBAG-00034031029</subfield>
  </datafield>
  <datafield tag="037" ind1=" " ind2=" ">
   <subfield code="a">BC-71027</subfield>
   <subfield code="b">Forefront Book Co., Inc.</subfield>
   <subfield code="c">Php11,878</subfield>
   <subfield code="n">CAC Faculty</subfield>
  </datafield>
  <datafield tag="040" ind1=" " ind2=" ">
   <subfield code="a">DLC</subfield>
   <subfield code="d">BAG</subfield>
   <subfield code="e">rda</subfield>
  </datafield>
  <datafield tag="041" ind1="0" ind2=" ">
   <subfield code="a">eng</subfield>
  </datafield>
  <datafield tag="090" ind1=" " ind2="0">
   <subfield code="a">K 3247</subfield>
   <subfield code="b">C75 2019</subfield>
  </datafield>
  <datafield tag="245" ind1="0" ind2="0">
   <subfield code="a">Critical indigenous rights studies</subfield>
   <subfield code="c">edited by Giselle Corradi, Koen De Feyter, Ellen Desmet and Katrijn Vanhees.</subfield>
  </datafield>
  <datafield tag="264" ind1=" " ind2="1">
   <subfield code="a">Abingdon, Oxon, [England]</subfield>
   <subfield code="b">Routledge</subfield>
   <subfield code="c">2019.</subfield>
  </datafield>
  <datafield tag="300" ind1=" " ind2=" ">
   <subfield code="a">x, 237 pages</subfield>
   <subfield code="b">map</subfield>
   <subfield code="c">24 cm</subfield>
  </datafield>
  <datafield tag="336" ind1=" " ind2=" ">
   <subfield code="a">text</subfield>
   <subfield code="2">rdacontent</subfield>
  </datafield>
  <datafield tag="337" ind1=" " ind2=" ">
   <subfield code="a">unmediated</subfield>
   <subfield code="2">rdamedia</subfield>
  </datafield>
  <datafield tag="338" ind1=" " ind2=" ">
   <subfield code="a">volume</subfield>
   <subfield code="2">rdacarrier</subfield>
  </datafield>
  <datafield tag="490" ind1="0" ind2=" ">
   <subfield code="a">Routledge research in human rights law</subfield>
  </datafield>
  <datafield tag="504" ind1=" " ind2=" ">
   <subfield code="a">Includes bibliographical references and index.</subfield>
  </datafield>
  <datafield tag="505" ind1="0" ind2=" ">
   <subfield code="a">The contours of a field of critical indigenous rights studies / Giselle Corradi, Koen de Feyter, Ellen Desmet, and Katrijn Vanhees -- Indigeneity vs development : Nubian rights mobilisation in Egypt / Maja Janmyr -- Politics of oneness and TWA's struggle for land : questioning identity discourses in Rwanda / Katrijn Vanhees -- The impact of migration processes on indigenous peoples' rights : challenges for identity and culture / Asier Martínez de Bringas -- A dual perspective on the right to enjoy the benefits of scientific progress / Fons Coomans -- Protecting traditional cultural expressions, copyright tensions, and human rights opportunities? / Kelly Breemen ? Indigenous people involvement in the REDD+ global debate : case study from the Amazon basin / Liliana Lozano -- The rights of indigenous peoples in the jurisprudence of the Inter-American Court of Human Rights : a third world approaches to international law assessment to advance their protection in the Inter-American human rights system / Salvador Herencia Carrasco -- The 2005 draft Nordic Sámi Convention and the implementation of the right of the Sámi people to self-determination / Dorothée Cambou -- Legislating coordination and cooperation mechanisms between indigenous and ordinary jurisdictions : reflections on progress and setbacks in Ecuador / Lieselotte Viaene and Guillermo Fernández-Maldonado.</subfield>
  </datafield>
  <datafield tag="650" ind1=" " ind2="0">
   <subfield code="a">Indigenous peoples</subfield>
   <subfield code="x">Civil rights.</subfield>
  </datafield>
  <datafield tag="650" ind1=" " ind2="0">
   <subfield code="a">Indigenous peoples</subfield>
   <subfield code="x">Legal status, laws, etc.</subfield>
  </datafield>
  <datafield tag="700" ind1="1" ind2=" ">
   <subfield code="a">Corradi, Giselle</subfield>
   <subfield code="e">editor.</subfield>
  </datafield>
  <datafield tag="700" ind1="1" ind2=" ">
   <subfield code="a">Feyter, K. de</subfield>
   <subfield code="q">(Koen)</subfield>
   <subfield code="e">editor.</subfield>
  </datafield>
  <datafield tag="700" ind1="1" ind2=" ">
   <subfield code="a">Desmet, Ellen</subfield>
   <subfield code="e">editor.</subfield>
  </datafield>
  <datafield tag="700" ind1="1" ind2=" ">
   <subfield code="a">Vanhees, Katrijn</subfield>
   <subfield code="e">editor.</subfield>
  </datafield>
  <datafield tag="905" ind1=" " ind2=" ">
   <subfield code="a">FO</subfield>
  </datafield>
  <datafield tag="852" ind1="0" ind2=" ">
   <subfield code="a">UPBAG</subfield>
   <subfield code="b">UPBAG-MAIN</subfield>
   <subfield code="h">K 3247 C75 2019</subfield>
  </datafield>
  <datafield tag="942" ind1=" " ind2=" ">
   <subfield code="a">Book</subfield>
  </datafield>
 </record>
</collection>
